00000000cam 2200000zi 4500
0019.963261
003CaOODSP
00520260602150431
006m     o  d f      
007cr |n|||||||||
008260602t19761976onc     o    f000 0 eng d
040 |aCaOODSP|beng|erda|cCaOODSP
043 |an-cn---
0861 |aJS22-33/1976E-PDF|zJS22-33/1976
24504|aThe highlights of the Peace and Security Program.
264 1|aOttawa : |b[Ministry of the Solicitor General of Canada], |c[1976]
264 4|c©1976
300 |a1 online resource (11 pages)
336 |atext|btxt|2rdacontent
337 |acomputer|bc|2rdamedia
338 |aonline resource|bcr|2rdacarrier
500 |aIssued also in French under title: Les faits saillants du Programme ordre et sécurité publics.
500 |aDigitized edition from print [produced by Public Safety Canada].
650 0|aCrime prevention|zCanada.
650 0|aCriminal law|zCanada.
650 0|aCapital punishment|zCanada.
650 0|aViolence (Law)|zCanada.
650 0|aFirearms|xLaw and legislation|zCanada.
650 0|aElectronics in criminal investigation|zCanada.
650 0|aCriminal justice, Administration of|zCanada.
7101 |aCanada. |bMinistry of the Solicitor General, |eissuing body.
77508|tLes faits saillants du Programme ordre et sécurité publics.|w(CaOODSP)9.963262
85640|qPDF|s945 KB|uhttps://publications.gc.ca/collections/collection_2026/sp-ps/JS22-33-1976-eng.pdf